[Event "Poikovsky Karpov 10th"]
[Site "Poikovsky"]
[Date "2009.06.05"]
[Round "3"]
[White "Motylev, Alexander"]
[Black "Shirov, Alexei"]
[Result "1-0"]
[WhiteElo "2677"]
[BlackElo "2745"]
[Annotator "Motylev,A"]
[PlyCount "47"]
[EventDate "2009.06.03"]
[EventType "tourn"]
[EventRounds "9"]
[EventCountry "RUS"]
[EventCategory "18"]
[SourceTitle "CBM 131"]
[Source "ChessBase"]
[SourceDate "2009.07.15"]
[SourceVersion "1"]
[SourceVersionDate "2009.07.15"]
[SourceQuality "1"]

1. e4 e5 2. Nf3 Nc6 3. Nc3 Nf6 4. Bb5 Nd4 {Among my 11 games in this variation,
4 (!) of them have been vs Alexei Shirov. But this game was the first with
classical time controls - before it we had played two games in rapid chess and
one in blitz. Von meinen 11 Partien in dieser Variante waren 4 (!) gegen
Alexei Shirov. Diese Begegnung war allerdings die erste mit klassischer
Zeitkontrolle - zuvor hatten wir zwei Schnell- und eine Blitzpartie gespielt.}
5. Bc4 d6 {Although now this variation appears to be one of the fashionable
reactions against the Four Knights variation, for some reason I hadn't
expected Alexei to choose this continuation and in the opening I played very
dubiously.  Diese Variante scheint zwar derzeit eine der modischen Reaktionen
auf das Vierspringerspiel zu sein, trotzdem hatte ich sie aus irgendeinem
Grund nicht von Alexei erwartet und spielte in der Eröffnung sehr dubious.} 6.
Nxd4 exd4 7. Nd5 Nd7 8. O-O g6 ({This is probably more precise than Dies ist
womöglich genauer als} 8... c6 9. Nf4 g6 10. c3 Bg7 11. cxd4 Bxd4 12. Ne2) 9.
c3 Bg7 10. cxd4 Bxd4 11. d3 ({Perhaps stronger is Stärker ist vielleicht} 11.
Nc3 {and after , und nach} c6 $6 12. Ne2 Bg7 13. d4 O-O 14. Bb3 Nf6 15. f3 Be6
16. Bxe6 fxe6 17. Qb3 Qd7 18. Be3 {White got a slight edge in the game
Ivanchuk - Gelfand, Nice (rapid) 2009. erhielt Weiß ein leichtes Plus in der
Partie Ivanchuk - Gelfand, Nizza (rapid) 2009.}) 11... c6 12. Ne3 $6 {A
dubious novelty which promises nothing to White. Eine dubiose Neuerung, die
Weiß nichts verspricht.} ({After the normal Nach dem normalen} 12. Nc3 {
there is for example gibt es zum Beispiel} Ne5 13. Ne2 Bg4 14. Kh1 Bxe2 15.
Qxe2 {with an equal position in Najer - Grischuk, Hanty-Mansiysk, 2007. mit
gleicher Stellung in Najer - Grischuk, Hanty-Mansiysk, 2007.}) 12... O-O 13.
Kh1 Nc5 14. f4 {Here already, doubts about the correctness of my plan were
coming thick and fast. Hier mehrten sich bereits die Zweifel an der
Korrektheit meines Plans.} d5 $5 {This is the move I overlooked. Dies ist der
Zug, den ich übersehen hatte.} ({But also good was the simple Gut war aber
auch das einfache} 14... b5 15. Bb3 a5 {and here I was going to play , und
hier beabsichtigte ich} 16. f5 $5 a4 17. Bc2 a3 18. Rb1 axb2 19. Rxb2 $5 {
White will have some compensation but it's not clear whether it's enough even
for equality. Weiß wird etwas Kompensation haben, aber es ist nicht klar, ob
sie auch nur zum Ausgleich reicht.}) 15. exd5 {There was nothing else... Es
gab nichts anderes...} cxd5 16. Bb3 (16. Bxd5 $2 Bxe3) (16. Nxd5 $2 b5 17. Bb3
Nxb3 18. Qxb3 Be6) 16... Re8 {A tempting move, but possible was also the
simple Ein verlockender Zug, möglich war aber auch das einfache} (16... Nxb3
17. axb3 Bg7 {with a slight edge for Black. mit leichtem Plus für Schwarz.})
17. Qf3 {White's position seems very bad, but probably it looks worse than it
actually is. Die weiße Stellung wirkt gruselig, aber vielleicht sieht sie
schlimmer aus, als sie wirklich ist.} Nxd3 $6 {Black chooses the most forcing
continuation, but here White is ok. Schwarz wählt die forcierteste Fortsetzung,
aber hier steht Weiß okay.} ({Not much is promised by Nicht viel verspricht} 
17... Bxe3 18. Bxe3 Bg4 19. Qg3 (19. Qxg4 Rxe3 20. f5 Nxb3 21. axb3 Rxd3 $15)
19... d4 20. Bg1) ({But Aber} 17... Nxb3 $1 {was strong: war stark:} 18. axb3
f5 $1 (18... Bg7 19. f5 d4 20. fxg6 fxg6 21. Nc4) 19. Ra4 (19. Qxd5+ Be6 $1) (
19. Nxd5 Bd7 $1) (19. Nc2 Bg7 20. Be3 Bxb2) 19... Bg7 20. Qxd5+ Be6 21. Qxb7
Qxd3 22. Rd1 Qe2 {with quite a decent advantage for Black. mit recht
ordentlichem Vorteil für Schwarz.}) 18. f5 $1 {The only move, but a good one.
Der einzige Zug, aber ein guter.} Kh8 $4 {Persisting in searching for an
advantage Black is getting into trouble. Hartnäckig weiter nach Vorteil
suchend, gerät Schwarz in Schwierigkeiten.} ({Necessary was Nötig war} 18...
Nxc1 19. fxg6 fxg6 20. Raxc1 Kh8 $1 (20... Rxe3 {loses: verliert:} 21. Qf7+ Kh8
22. Rc7 Qg8 23. Qxd5 $1 $18) 21. Nxd5 Bf5 $1 {and White still has to show some
accuracy to achieve equality. und Weiß muss noch einige Genauigkeit an den Tag
legen, um Ausgleich zu erreichen.} 22. Nc7 (22. Rcd1 Be5) 22... Re3 23. Qd1 Rc8
(23... Rh3 $5 24. Qe1 (24. gxh3 Be4+ 25. Rf3 Rc8 26. h4) 24... Re3 25. Qd1) (
23... Rb8 24. Ne6 Rxe6 25. Rxf5 Rd6 26. Rf7 $11) (23... Rd3 24. Qe1 Rc8 25. Ne6
$11) 24. Nd5 Re4 25. Rxc8 Bxc8 26. Nc3 Re8 27. Ba4 {with a draw. It seems
Alexei saw this and decided to improve the variation playing ...Kh8 at once.
And, as often happens, he overlooked a sudden blow at the very beginning of
the variation. mit Remis. Offenbar hatte Alexei dies gesehen und beschlossen,
die Variante zu verbessern, indem er gleich ...Kh8 zog. Und, wie es so oft
kommt, übersah er dabei einen plötzlichen Schlag gleich zu Beginn der Variante.
}) 19. fxg6 fxg6 (19... hxg6 {was no better: war nicht besser:} 20. Qxf7 Nxc1
21. Raxc1 Be6 22. Qf4 $16) 20. Qd1 $1 {An unexpected return of the queen! An
unexpected return of the queen!} Bxe3 21. Qxd3 d4 $2 {The change of the scene
was so sudden that Black was not able to cope with it and lost the game
immediately. But the defence was already quite difficult. The change of the
scene was so sudden that Black was not able to cope with it and lost the game
immediately. But the defence was already quite difficult.} ({Losing at once
was Sofort verlor} 21... Bf5 $2 22. Rxf5) (21... Qb6 {was nicely refuted by
wird schön widerlegt durch} 22. Rf8+ $1 Rxf8 23. Bxe3 Qd6 24. Bd4+ $1 Kg8 25.
Bc3 $1 $18) ({slightly better was etwas besser war} 21... Qe7 $5 22. Bxe3 Qxe3
23. Rf8+ Kg7 24. Qxe3 Rxe3 25. Rd8 $16) ({and the strongest move was und der
stärkste Zug war} 21... Bxc1 22. Qd4+ Kg8 23. Raxc1 Qb6 $1 (23... Be6 24. Rce1
Bf7 (24... Qb6 $2 25. Qxb6 axb6 26. Rxe6 Rxe6 27. Bxd5 Rae8 28. Rf6 $18) 25.
Rxe8+ Qxe8 26. Bxd5 $16) 24. Qxd5+ Be6 25. Qd7 $1 Rad8 (25... Bxb3 26. Rc7) 26.
Bxe6+ Qxe6 27. Qxb7 Rd7 28. Qb5 $14 {Here too, Black would need to do a lot of
work to achieve the draw. Auch hier müsste Schwarz, um das Remis zu erreichen,
noch schwer schuften.}) 22. Bxe3 Rxe3 (22... dxe3 23. Qc3+) 23. Rf8+ $1 Kg7 (
23... Qxf8 24. Qxd4+ Qg7 25. Qd8+) 24. Rg8+ $1 {(24...Kh6 25.Qxe3+)} 1-0

[Event "EU-chT (Men) 15th"]
[Site "Gothenburg"]
[Date "2005.07.31"]
[Round "2.1"]
[White "Neubauer, Martin"]
[Black "Illescas Cordoba, Miguel"]
[Result "1/2-1/2"]
[WhiteElo "2468"]
[BlackElo "2624"]
[Annotator "Mueller,Karsten"]
[PlyCount "119"]
[EventDate "2005.07.30"]
[EventType "team-swiss"]
[EventRounds "9"]
[EventCountry "SWE"]
[SourceTitle "CBM 109"]
[Source "ChessBase"]
[SourceDate "2005.11.14"]
[SourceVersion "1"]
[SourceVersionDate "2005.11.14"]
[SourceQuality "1"]
[WhiteTeam "Austria"]
[BlackTeam "Spain"]
[WhiteTeamCountry "AUT"]
[BlackTeamCountry "ESP"]

1. e4 e5 2. Nf3 Nc6 3. Nc3 Nf6 4. Bb5 Nd4 5. Nxd4 exd4 6. e5 dxc3 7. exf6 Qxf6
8. dxc3 Qe5+ 9. Qe2 Qxe2+ 10. Bxe2 d5 11. Be3 Be6 12. O-O-O Be7 13. h4 O-O 14.
g3 Rfe8 15. Rhe1 a6 16. Bf3 c6 17. Bb6 Bd8 18. Bxd8 Raxd8 19. a4 a5 20. Re3 Kf8
21. b3 h6 22. Rde1 Bd7 23. Rxe8+ Rxe8 24. Rxe8+ Kxe8 25. Be2 Be6 26. Kd2 Ke7
27. Ke3 Kd6 28. Kd4 f6 29. c4 c5+ 30. Ke3 d4+ 31. Ke4 Bg8 32. f4 g5 33. Bd3 Be6
34. Kf3 b6 35. Be4 Bd7 36. Bd3 Ke7 37. Be4 f5 38. Bd3 Kf6 39. Kf2 Bc6 40. Ke1
Be4 41. Kf1 Kg7 42. Kg1 Kf7 43. Kf1 Kf6 44. Kg1 Bf3 45. Kf2 Bd1 46. Ke1 Bg4 47.
fxg5+ hxg5 48. Be2 Bxe2 49. Kxe2 g4 $5 {A final attempt to win but it ends up
in a fortress. Ein letzter Gewinnversuch, der jedoch in einer Festung endet.} (
49... gxh4 $2 {would be fatal on account of White's distant passed pawn. wäre
wegen des entfernten weißen Freibauern fatal:} 50. gxh4 Kg6 51. Kf3 Kh5 52. Kg3
f4+ 53. Kxf4 Kxh4 54. Ke5 Kg4 55. Kd5 Kf4 56. Kc6 Ke3 57. Kxb6 Kd2 58. Kxc5
Kxc2 59. Kxd4 Kxb3 60. c5 Kxa4 61. c6 $18) (49... Kg6 50. hxg5 Kxg5 51. Kf3 $11
) 50. Kf2 Kg6 51. Kg2 Kh6 52. Kf2 Kh5 53. Kg2 f4 54. Kf2 $1 (54. gxf4 $2 Kxh4
55. Kg1 g3 56. f5 Kg5 57. Kg2 Kxf5 58. Kxg3 Ke4 59. Kf2 d3 $19) 54... f3 (54...
fxg3+ $4 55. Kxg3 $22 $18) 55. Kf1 Kg6 56. Ke1 Kf5 57. Kf1 Ke5 58. Ke1 Ke4 59.
Kf2 Ke5 60. Kf1 1/2-1/2

[Event "FIDE World Cup"]
[Site "Baku"]
[Date "2015.09.15"]
[Round "2.2"]
[White "Karjakin, Sergey"]
[Black "Onischuk, Alexander"]
[Result "1-0"]
[WhiteElo "2762"]
[BlackElo "2662"]
[Annotator "Pavlovic,M"]
[PlyCount "81"]
[EventDate "2015.09.11"]
[EventType "k.o."]
[EventRounds "7"]
[EventCountry "AZE"]
[SourceTitle "CBM 169"]
[Source "ChessBase"]
[SourceDate "2015.11.10"]
[SourceVersion "1"]
[SourceVersionDate "2015.11.10"]
[SourceQuality "1"]

1. e4 e5 2. Nf3 Nc6 3. Bb5 Nf6 4. d3 Bc5 5. Nc3 $5 {Karjakin has already
experimented with this slightly unusual combination of the Four Knights and
the Berlin.} a6 {This game will seriously challenge Black to try to play this
line again. Although Black is not lost he will have not an easy time defending
a slightly worse opposite-coloured bishop ending. We have some other ideas for
Black and they are better in my opinion:} (5... d6 6. Na4 Bb6 7. Nxb6 axb6 8.
c3 Bd7 9. Ba4 Ne7 10. Bc2 Ng6 11. h3 O-O 12. O-O h6 13. Re1 Re8 14. d4 Bc6 15.
dxe5 dxe5 16. Qxd8 Rexd8 17. g3 Nd7 18. Be3 Nc5 {1/2-1/2 (61) Carlsen,M (2848)
-Anand,V (2775) London 2012. Black got counterplay.}) (5... O-O 6. Bxc6 dxc6 7.
Bg5 ({or:} 7. Be3 Bd6 8. h3 Nd7 9. Ne2 c5 10. Ng3 Re8 11. Nf5 Nf8 12. Nd2 Qf6
13. Qf3 Bxf5 14. exf5 e4 15. Nxe4 Qxb2 16. O-O Qxc2 17. Nxd6 cxd6 18. Bf4 Rad8
19. a4 b6 20. Qg3 Nd7 21. Bxd6 Nf6 $13 {1-0 (69) Karjakin,S (2772)-Malakhov,V 
(2707) Moscow (blitz) 2013}) 7... Qd6 8. Qd2 a5 9. h3 Re8 10. Nh4 a4 11. a3 b5
12. O-O Nh5 13. Ne2 Bb6 14. g4 h6 15. Be3 Nf4 16. Nxf4 exf4 17. Bxf4 Qf6 18.
Nf5 Qxb2 $13 {0-1 (40) Motylev,A (2676)-Kramnik,V (2796) Nizhny Novgorod 2013})
6. Bxc6 dxc6 7. Nxe5 Qd4 8. Be3 Qxe5 9. d4 Qe7 10. dxc5 Nxe4 11. Qd4 Bf5 12.
O-O-O O-O 13. Nxe4 Qxe4 14. Qxe4 Bxe4 15. f3 Bf5 (15... Bd5 16. Bf4 Rac8 17.
Rhe1 Be6 {would lead to the same thing.}) 16. Bf4 Rac8 17. Rhe1 Be6 18. Re3 $1
{After some more or less forced sequence of moves we came to a position that
was already played some time ago. Karjakin actually finds an interesting plan,
showing that the position is not a dead draw.} (18. Re4 b5 19. b3 Rfe8 20. Kb2
f6 21. Kc3 Kf7 22. Kb4 g5 23. Bg3 a5+ 24. Kxa5 $11 {1/2-1/2 (24) Negi,P (2480)
-Kotronias,V (2601) Ermioni 2006}) 18... Rfe8 (18... b5 19. Ra3 $16) 19. Rd4 b6
({A much better try was} 19... Re7 20. Rb4 Rb8 21. Ra3 h6 22. Rxa6 Bf5 $1 {
Black will get his counterplay along the e-line.}) 20. Rb4 a5 21. Ra4 Re7 22.
c4 $1 {Obviously Karjakin deeply understood the nuances in this position, and
that is the reason for winning this game.} Rd7 (22... Ra8 23. Bxc7 $5 Rxc7 24.
cxb6 Rb7 25. c5 {with next b4 White definitely has play here.}) 23. cxb6 cxb6
24. c5 $1 bxc5 25. Rxa5 c4 26. Rea3 $14 {Although both sides have the same
number of pawns White has managed to create a passer and his chances to exert
pressure are significantly increased.} Rdd8 27. Ra7 h6 28. Rc7 Rxc7 29. Bxc7
Rd3 30. Ra8+ Kh7 31. Ba5 {Preventing c3 and also controlling some additional
squares.} h5 32. h4 Bf5 (32... Bd5 33. Bd2 Rd4 34. Be1 Rd3 35. a4 Re3 36. Kd1
Re6 37. a5 Rg6 38. g3 Bxf3+ 39. Kc2 Rd6 40. Kc3 $16) 33. a4 Rd6 34. Bc3 c5 35.
a5 {After this it is rather difficult to defend for Black.} Rg6 36. a6 Rxg2 37.
Rf8 Be6 38. a7 Bd5 39. a8=Q Bxa8 40. Rxa8 Rf2 41. Rc8 1-0

[Event "Astrakhan FIDE GP"]
[Site "Astrakhan"]
[Date "2010.05.23"]
[Round "12"]
[White "Svidler, Peter"]
[Black "Gelfand, Boris"]
[Result "1-0"]
[WhiteElo "2735"]
[BlackElo "2741"]
[Annotator "Postny,E"]
[PlyCount "61"]
[EventDate "2010.05.10"]
[EventType "tourn"]
[EventRounds "13"]
[EventCountry "RUS"]
[EventCategory "20"]
[SourceTitle "CBM 137"]
[Source "ChessBase"]
[SourceDate "2010.07.15"]
[SourceVersion "1"]
[SourceVersionDate "2010.07.15"]
[SourceQuality "1"]

1. e4 e5 2. Nf3 Nf6 3. Nc3 {Avoiding the Petroff Defence.} Nc6 4. Bb5 Nd4 5.
Bc4 d6 {Lately this continuation has become quite common at the top level. The
fans of the main continuation 5...Bc5 must be ready to sacrifice a pawn for an
initiative. The alternative 5...Nxf3 is playable, but leads to a slightly
passive position for Black.} 6. Nxd4 (6. Ng5 d5 7. exd5 h6 8. Nf3 Bg4 9. Be2
Bxf3 10. Bxf3 Bb4 11. O-O O-O 12. d3 Bxc3 13. bxc3 Nxf3+ 14. Qxf3 Qxd5 $11 {
1/2-1/2 Vallejo Pons,F (2686)-Kramnik,V (2754)/Monte Carlo 2005/CBM 105 ext 
(38)}) 6... exd4 7. Nd5 Nd7 {Boris has already played this line earlier this
year. Sooner or later, White's centralised knight will be kicked away by ...
c7-c6.} 8. O-O (8. d3 c6 9. Nf4 g6 10. a3 Bg7 11. O-O O-O 12. Ba2 Nc5 13. Bd2
Qh4 14. Ne2 Be6 15. Ng3 Bxa2 16. Rxa2 d5 $1 17. exd5 cxd5 18. a4 Rac8 19. f4 f5
20. Qf3 Qd8 $15 {1-0 Carlsen,M (2813)-Gelfand,B (2750)/Nice FRA 2010/The Week
in Chess 802 (51)}) 8... g6 9. a3 {This quiet move shouldn't be a source of
worry for Black. The move 9.c3 looks more to the point, exchanging the Pd4 and
trying to create some play through the centre before Black completes his
development. In recent games, however, White hasn't created any real problems
to the second player.} (9. c3 Bg7 10. cxd4 O-O (10... Bxd4 11. Nc3 O-O 12. Ne2
Qe7 $1 13. Qc2 (13. Nxd4 Qxe4 14. Qa4 Nb6 15. d3 Qe5 $8 16. Nf3 Nxa4 17. Nxe5
dxe5 18. Re1 $11) 13... Bg7 14. d4 Nb6 15. Bb3 Re8 16. Be3 Qxe4 17. Qxc7 Qe7
18. Rfc1 Be6 19. Qxe7 {1/2-1/2 Radjabov,T (2757)-Aronian,L (2773)/Novi Sad
2009/CBM 133}) 11. d3 (11. Nf4 Bxd4 12. Ne2 Qe7 {would transpose to the game
Radjabov-Aronian.}) 11... Bxd4 12. Bh6 c6 $1 13. Nc3 Re8 14. Qd2 b5 15. Bb3 Nc5
$11 {1/2-1/2 Rublevsky,S (2697)-Inarkiev,E (2649)/Moscow RUS 2010/The Week in
Chess 796 (19)}) 9... Bg7 10. d3 O-O 11. Ba2 Nc5 12. Nf4 Kh8 {This move is
useful if Black wants to push ...f7-f5 at some point. Later on this was reason
for Black's disaster, but the idea itself is not bad at all.} 13. Bd2 c6 14.
Kh1 {If I were playing White, I would still try the plan with c2-c3, here or
on the next move.} (14. c3 Ne6 (14... f5 $6 15. cxd4 Bxd4 16. b4 {and the
knight is driven away to a6.}) (14... a5 15. Qc2 a4 16. cxd4 Bxd4 17. Ne2 Bg7
18. d4 $14) 15. Ne2 d5 16. exd5 cxd5 17. Rc1 b6 18. cxd4 Nxd4 19. Nxd4 Bxd4 20.
Bh6 Bg7 21. Qd2 {with slight pressure for White.}) 14... a5 15. f3 (15. c3 $5 {
with the same ideas as in the previous comment.}) 15... a4 {Fixing the
queenside.} 16. Bb4 Na6 17. Be1 {White doesn't have any active plan.} Nc7 18.
Bf2 Bd7 19. Qd2 Qg5 20. h4 Qa5 21. Qc1 $1 {Svidler correctly avoids the queen
swap.} f5 $4 {[%mdl 8192] A terrible blunder. A momentary loss of
concentration costs Boris a game in a position where no danger was apparent.} (
21... Ne6 {would have been the normal continuation.} 22. Nxe6 Bxe6 23. Bxe6
fxe6 {with comfortable position for Black.}) (21... d5 $5 {isn't bad either.})
{[%tqu "En","Black's last move was a blunder. How can White get a decisive
advantage?","","","f2d4","Svidler didn't miss his chance.",10]} 22. Bxd4 $1 $18
{Svidler didn't miss his chance.} Bxd4 {If Black doesn't take the bishop, then
he is just an important pawn down, without any compensation.} 23. Nxg6+ $1 Kg7
(23... hxg6 $2 24. Qh6#) 24. Nxf8 Kxf8 (24... Rxf8 25. Qg5+ Kh8 26. Qe7 $18 {
[%csl Rd7,Rf8]}) 25. Qh6+ {The queen penetrates into Black's camp with
devastating consequences.} Ke7 26. c3 Bf6 27. Rfe1 f4 28. d4 $1 {The decisive
breakthrough in the centre is inevitable.} Ne6 29. e5 dxe5 30. Qxh7+ Kd8 31.
Qf7 {[%csl Re6,Rf6]} 1-0